00921nam a22002177a 450000500170000001000150001702000230003202000260005503500130008103700180009408200160011224501220012826000450025027000660029530000320036150000510039352001600044465000420060465000340064670000230068020151105121453.0 aENG-113981 c675.00a0198076398 c675.00a9780198076391 aEN-97513 bDBAD/PUBadpl a388.0440954 aFacilitating trade and global competitiveness : cby Arpita Mukherjee...[et al]bexpress delivery services in India / aNew DelhibOxford University Pressc2012 aYMCA Library Building, 1, Jai Singh Road, bNew Delhie110001 axix,287p. :c23cm(Hb)bill. aIncludes bibliographical references and index  aPapers presented at a seminar on "Facilitating trade and global competitiveness : express delivery sector in India", held at New Delhi on 26th August 2009. aExpress service zIndia vCongresses. aExpress service vCongresses. aMukherjee, Arpita.